[Event "Eurasia Open Cup 2019"]
[Site "Ekaterinburg"]
[Date "2019.08.01"]
[Round "2.44"]
[White "Inozemtsev, Sergei"]
[Black "Sargsyan, Alina"]
[Result "1/2-1/2"]
[WhiteElo "2295"]
[BlackElo "1298"]
[Annotator "NA"]
[PlyCount "51"]
[EventDate "2019.07.31"]
[EventType "swiss"]
[EventCountry "RUS"]
[SourceTitle "playchess.com"]
[Source "ChessBase"]
[SourceQuality "1"]
[TimeControl "5400+30"]

1. e4 {[%emt 0:13:00]} e6 {[%emt 0:00:00]} 2. d4 {[%emt 0:00:38]} d5 {[%emt 0:00:00]} 3. e5 {[%emt 0:00:00]} Nd7 {[%emt 0:00:00]} 4. Nf3 {[%emt 0:00:19]} a6 {[%emt 0:00:00]} 5. Bd3 {[%emt 0:00:43]} c5 {[%emt 0:00:07]} 6. c3 {[%emt 0:00:07]} Ne7 {[%emt 0:00:56]} 7. O-O {[%emt 0:00:28]} Nc6 {[%emt 0:00:29]} 8. Qe2 {[%emt 0:04:05]} b5 {[%emt 0:01:43]} 9. a3 {[%emt 0:01:16]} b4 {[%emt 0:02:34]} 10. dxc5 {[%emt 0:03:24]} bxa3 {[%emt 0:01:55]} 11. b4 {[%emt 0:00:00]} a2 {[%emt 0:01:41]} 12. Rxa2 {[%emt 0:00:00]} g6 {[%emt 0:00:01]} 13. Bf4 {[%emt 0:02:27]} Bg7 {[%emt 0:00:29]} 14. Re1 {[%emt 0:01:18]} h6 {[%emt 0:00:09]} 15. h4 {[%emt 0:00:18]} d4 {[%emt 0:03:24]} 16. b5 {[%emt 0:01:01]} Ne7 {[%emt 0:01:29]} 17. cxd4 {[%emt 0:00:00]} Rb8 {[%emt 0:01:51]} 18. bxa6 {[%emt 0:01:09]} Nd5 {[%emt 0:00:27]} 19. Bd2 {[%emt 0:00:21]} Ra8 {[%emt 0:06:04]} 20. Na3 {[%emt 0:02:33]} Nb8 {[%emt 0:00:32]} 21. Nb5 {[%emt 0:01:03]} Bf8 {[%emt 0:00:40]} 22. Nd6+ {[%emt 0:01:32]} Bxd6 {[%emt 0:01:17]} 23. exd6 {[%emt 0:00:37]} Nc6 {[%emt 0:00:07]} 24. Bb5 {[%emt 0:00:18]} Bd7 {[%emt 0:00:44]} 25. Ne5 {[%emt 0:00:19]} Nxe5 {[%emt 0:00:07]} 26. Qxe5 {[%emt 0:00:51]} 1/2-1/2

[Event "Eurasia Open Cup 2019"]
[Site "Ekaterinburg"]
[Date "2019.08.01"]
[Round "2.45"]
[White "Goncharov, Konstantin"]
[Black "Matsenko, Andrei"]
[Result "0-1"]
[WhiteElo "1891"]
[BlackElo "2293"]
[Annotator "NA"]
[PlyCount "82"]
[EventDate "2019.07.31"]
[EventType "swiss"]
[EventCountry "RUS"]
[SourceTitle "playchess.com"]
[Source "ChessBase"]
[SourceQuality "1"]
[TimeControl "5400+30"]

1. e4 {[%emt 0:00:00]} c5 {[%emt 0:00:00]} 2. c3 {[%emt 0:00:00]} Nf6 {[%emt 0:00:00]} 3. e5 {[%emt 0:00:24]} Nd5 {[%emt 0:00:00]} 4. Bc4 {[%emt 0:00:40]} Nb6 {[%emt 0:00:12]} 5. Bb3 {[%emt 0:00:15]} c4 {[%emt 0:00:00]} 6. Bc2 {[%emt 0:00:10]} Nc6 {[%emt 0:00:11]} 7. f4 {[%emt 0:01:15]} d6 {[%emt 0:00:15]} 8. exd6 {[%emt 0:00:41]} Qxd6 {[%emt 0:00:00]} 9. d4 {[%emt 0:01:09]} cxd3 {[%emt 0:00:06]} 10. Qxd3 {[%emt 0:00:00]} Qc7 {[%emt 0:06:54]} 11. Nf3 {[%emt 0:01:03]} g6 {[%emt 0:01:41]} 12. Be3 {[%emt 0:01:07]} Bf5 {[%emt 0:02:03]} 13. Qe2 {[%emt 0:01:04]} Bxc2 {[%emt 0:01:01]} 14. Qxc2 {[%emt 0:00:22]} Nd5 {[%emt 0:00:53]} 15. Qd2 {[%emt 0:01:51]} Rd8 {[%emt 0:01:31]} 16. Nd4 {[%emt 0:00:51]} Nxe3 {[%emt 0:00:10]} 17. Qxe3 {[%emt 0:00:29]} Nxd4 {[%emt 0:00:08]} 18. cxd4 {[%emt 0:00:55]} Bg7 {[%emt 0:00:13]} 19. Nc3 {[%emt 0:01:10]} Bxd4 {[%emt 0:00:41]} 20. Qf3 {[%emt 0:01:03]} O-O {[%emt 0:00:27]} 21. O-O-O {[%emt 0:03:17]} Bxc3 {[%emt 0:00:28]} 22. bxc3 {[%emt 0:00:14]} Rc8 {[%emt 0:01:08]} 23. Kc2 {[%emt 0:00:47]} b5 {[%emt 0:00:48]} 24. Rd4 {[%emt 0:01:27]} a5 {[%emt 0:01:40]} 25. a3 {[%emt 0:03:48]} Qc5 {[%emt 0:01:04]} 26. Kb2 {[%emt 0:00:34]} e6 {[%emt 0:01:30]} 27. g4 {[%emt 0:00:31]} Rb8 {[%emt 0:04:20]} 28. Qe4 {[%emt 0:06:39]} Rfc8 {[%emt 0:02:55]} 29. Rc1 {[%emt 0:00:40]} Qc7 {[%emt 0:00:00]} 30. Rc2 {[%emt 0:00:53]} Rb6 {[%emt 0:01:07]} 31. Kb3 {[%emt 0:01:25]} Rd6 {[%emt 0:04:58]} 32. Qd3 {[%emt 0:08:11]} Rxd4 {[%emt 0:02:15]} 33. Qxd4 {[%emt 0:03:42]} Qc4+ {[%emt 0:00:20]} 34. Kb2 {[%emt 0:00:22]} Qxd4 {[%emt 0:00:22]} 35. cxd4 {[%emt 0:00:49]} Rxc2+ {[%emt 0:00:13]} 36. Kxc2 {[%emt 0:00:45]} Kf8 {[%emt 0:00:03]} 37. Kb3 {[%emt 0:00:12]} Ke7 {[%emt 0:00:02]} 38. a4 {[%emt 0:01:11]} bxa4+ {[%emt 0:00:05]} 39. Kxa4 {[%emt 0:00:00]} Kd6 {[%emt 0:00:09]} 40. Kxa5 {[%emt 0:00:08]} Kd5 {[%emt 0:00:03]} 41. Kb5 {[%emt 0:00:47]} Kxd4 {[%emt 0:00:03]} 0-1

[Event "Eurasia Open Cup 2019"]
[Site "Ekaterinburg"]
[Date "2019.08.02"]
[Round "3.1"]
[White "Alekseev, Evgeny"]
[Black "Kozionov, Kirill"]
[Result "1/2-1/2"]
[WhiteElo "2645"]
[BlackElo "2454"]
[Annotator "TA"]
[PlyCount "87"]
[EventDate "2019.07.31"]
[EventType "swiss"]
[EventCountry "RUS"]
[SourceTitle "playchess.com"]
[Source "ChessBase"]
[SourceQuality "1"]

{[%evp 9,87,-11,29,16,30,1,0,9,11,0,-1,-15,15,-9,19,19,19,14,22,-26,0,0,2,-7,48,27,27,24,27,28,20,0,0,0,0,0,0,-9,0,-6,10,-9,0,-20,-10,-28,0,-27,-32,-31,-27,-17,-29,-29,-28,-104,-96,-108,-68,-95,-77,-63,-44,-61,-30,-86,-129,-158,-154,-165,-105,-201,-148,-183,-136,-206,-211,-201,-189,-173]} 1. Nf3 Nf6 2. d4 g6 3. Nbd2 c5 4. e3 Bg7 5. c3 (5. dxc5 Qa5 6. a3 Qxc5 7. b4 Qc7 8. Bb2 O-O 9. c4 b6 10. Be2 Bb7 11. O-O d6 12. Qb3 Nbd7 13. h3 Rac8 14. Rfd1 Rfd8 15. Rac1 Qb8 16. Qa2 e5 17. a4 h6 18. a5 Nf8 19. axb6 axb6 20. Ra1 {½-½ (57) Mirzoev,A (2510)-Perez Candelario,M (2611) Linares 2018}) 5... cxd4 6. exd4 {A48: 1 d4 Nf6 2 Nf3 g6: Torre, London and Colle Systems} ({Don't play} 6. Nxd4 d5 $15) 6... O-O 7. Bd3 d6 8. O-O {The position is equal.} Nc6 9. Nc4 b5 10. Ne3 Rb8 11. Qe2 b4 12. d5 $146 ({Predecessor:} 12. c4 e5 13. d5 Na5 14. Nd2 Nb7 15. f4 exf4 16. Rxf4 {0-1 (24) Franke,K (1882)-Peschke,M (2029) Bad Harzburg 2012}) 12... Ne5 13. Nxe5 dxe5 14. c4 e6 {[%cal Re6d5]} 15. Rd1 Qb6 16. Bc2 Ba6 (16... Bb7 $11) 17. dxe6 Qxe6 18. b3 Bb7 19. a3 a5 20. axb4 axb4 21. Bd2 Rfe8 22. Ra5 Bf8 23. Rda1 Bc6 24. Bc1 Bg7 25. Ra6 Qc8 26. Ra7 Rb7 27. Nf1 Nd7 28. R7a5 e4 29. R1a2 Ne5 30. Ra8 Rb8 31. Rxb8 Qxb8 32. Ne3 (32. Bxe4 $11 Nxc4 33. Qxc4 Bxe4 34. Re2) 32... f5 $17 33. Nd5 Nd3 34. Bd2 $1 Bxd5 $1 35. cxd5 Qb5 $1 36. d6 Be5 (36... Bd4 $5 {[%cal Rd4f2]} 37. Kf1 Kf7 $17) 37. g3 (37. Bxb4 $1 $11 {keeps the balance.} Bxh2+ 38. Kxh2 Qxb4 39. Bxd3 Qxd6+ {[%mdl 64] Double Attack} 40. g3 Qxd3 41. Qb2) 37... Bxd6 38. Be3 Qd5 39. Ra1 {intending Rd1.} Be5 $36 {[%mdl 2048] Black has strong initiative.} ({Black should try} 39... Rc8 $19 40. Rd1 Rc3) 40. Ra7 (40. Rd1 $17) 40... Bb8 {Black is clearly better.} 41. Ra6 Rc8 42. Bd1 (42. Qd2 $17) 42... Be5 $19 43. Bc2 Rd8 44. h4 {Accuracy: White = 41%, Black = 57%.} 1/2-1/2

[Event "Eurasia Open Cup 2019"]
[Site "Ekaterinburg"]
[Date "2019.08.02"]
[Round "3.2"]
[White "Kabanov, Nikolai"]
[Black "Khismatullin, Denis"]
[Result "0-1"]
[WhiteElo "2450"]
[BlackElo "2618"]
[Annotator "TA"]
[PlyCount "38"]
[EventDate "2019.07.31"]
[EventType "swiss"]
[EventCountry "RUS"]
[SourceTitle "playchess.com"]
[Source "ChessBase"]
[SourceQuality "1"]

{[%evp 17,38,-5,-7,-8,-16,-32,18,-74,-61,-149,-156,-184,-176,-196,-193,-185,-174,-160,-161,-201,-216,-256,-239]} 1. e4 c5 2. Nf3 Nc6 3. Bb5 g6 4. O-O Bg7 5. Re1 e5 6. c3 Nge7 7. d4 exd4 8. cxd4 Nxd4 9. Nxd4 cxd4 10. Bf4 {B31: Sicilian: 2...Nc6 3 Bb5 g6} O-O 11. Bd6 Qb6 (11... Re8 $5 {[%cal Rd8b6]}) 12. Bxe7 (12. e5 $1 $11) (12. e5 Qxb5 13. Bxe7 Re8 14. Bd6 b6 15. Qxd4 Bb7 16. a4 Qc6 17. f3 f6 {½-½ (37) Delgado Ramirez,N (2611)-Cubas,J (2466) Brasilia 2016}) 12... Re8 $17 13. Ba3 $146 ({White should try} 13. Bd6 $15) ({Predecessor:} 13. Qb3 Rxe7 14. Nd2 d6 15. Bc4 Qa5 16. Nf3 b6 17. Bd5 Be6 18. Bxe6 Rxe6 {0-1 (32) Zhang,P (2325)-Tong,Y (2500) Beijing 1996}) 13... Qxb5 14. Nd2 d5 15. exd5 {[#]} Rxe1+ $1 16. Qxe1 Bf5 $36 {[%mdl 2048] Keeping White busy.} 17. d6 Re8 18. Qd1 d3 19. Rc1 Re2 ({And not} 19... Bxb2 20. Rc5 $14 (20. Rb1 Re2 $11)) 0-1

[Event "Eurasia Open Cup 2019"]
[Site "Ekaterinburg"]
[Date "2019.08.02"]
[Round "3.3"]
[White "Kopylov, Alexander A."]
[Black "Pridorozhni, Aleksei"]
[Result "0-1"]
[WhiteElo "2410"]
[BlackElo "2586"]
[Annotator "ChessBase"]
[PlyCount "120"]
[EventDate "2019.07.31"]
[EventType "swiss"]
[EventCountry "RUS"]
[SourceTitle "playchess.com"]
[Source "ChessBase"]
[SourceQuality "1"]
[TimeControl "5400+30"]

1. Nf3 {[%emt 0:00:00]} d5 {[%emt 0:00:00]} 2. g3 {[%emt 0:00:05]} Nc6 {[%emt 0:00:10]} 3. Bg2 {[%emt 0:00:34]} e5 {[%emt 0:03:26]} 4. d3 {[%emt 0:00:28]} Nf6 {[%emt 0:00:14]} 5. O-O {[%emt 0:00:15]} Be7 {[%emt 0:00:11]} 6. c3 {[%emt 0:00:12]} a5 {[%emt 0:00:27]} 7. Qc2 {[%emt 0:02:41]} O-O {[%emt 0:00:42]} 8. e4 {[%emt 0:08:06]} Re8 {[%emt 0:00:45]} 9. Re1 {[%emt 0:00:15]} Bf8 {[%emt 0:00:36]} 10. a4 {[%emt 0:02:58]} h6 {[%emt 0:07:49]} 11. exd5 {[%emt 0:16:25]} Nxd5 {[%emt 0:02:33]} 12. Nbd2 {[%emt 0:07:26]} g6 {[%emt 0:01:40]} 13. Nc4 {[%emt 0:00:09]} Bg7 {[%emt 0:02:19]} 14. Qb3 {[%emt 0:07:07]} Nb6 {[%emt 0:02:38]} 15. Nxb6 {[%emt 0:00:47]} cxb6 {[%emt 0:05:01]} 16. Be3 {[%emt 0:04:52]} Ra6 {[%emt 0:00:33]} 17. Rad1 {[%emt 0:00:26]} Be6 {[%emt 0:07:13]} 18. Qc2 {[%emt 0:01:50]} Bd5 {[%emt 0:00:44]} 19. d4 {[%emt 0:01:06]} exd4 {[%emt 0:07:16]} 20. Nxd4 {[%emt 0:07:44]} Nxd4 {[%emt 0:01:19]} 21. Bxd4 {[%emt 0:01:13]} Rxe1+ {[%emt 0:00:21]} 22. Rxe1 {[%emt 0:00:37]} Bxg2 {[%emt 0:00:29]} 23. Kxg2 {[%emt 0:00:02]} Bxd4 {[%emt 0:03:04]} 24. Rd1 {[%emt 0:03:07]} b5 {[%emt 0:03:39]} 25. Rxd4 {[%emt 0:03:27]} Rd6 {[%emt 0:01:04]} 26. Rxd6 {[%emt 0:04:23]} Qxd6 {[%emt 0:00:56]} 27. Qe4 {[%emt 0:01:46]} Qd7 {[%emt 0:00:03]} 28. axb5 {[%emt 0:05:26]} Qxb5 {[%emt 0:00:15]} 29. Qd4 {[%emt 0:07:22]} a4 {[%emt 0:00:22]} 30. Qd8+ {[%emt 0:00:10]} Kh7 {[%emt 0:01:54]} 31. Qf6 {[%emt 0:03:53]} Qd5+ {[%emt 0:00:08]} 32. Qf3 {[%emt 0:00:31]} Qd7 {[%emt 0:00:20]} 33. Qf6 {[%emt 0:00:38]} b5 {[%emt 0:00:09]} 34. Qe5 {[%emt 0:01:26]} Qc6+ {[%emt 0:00:03]} 35. Kg1 {[%emt 0:01:57]} Qc4 {[%emt 0:00:28]} 36. h4 {[%emt 0:00:07]} h5 {[%emt 0:00:33]} 37. Kg2 {[%emt 0:00:35]} Qb3 {[%emt 0:00:11]} 38. Qf6 {[%emt 0:00:38]} Qd5+ {[%emt 0:00:30]} 39. Qf3 {[%emt 0:00:43]} Qd7 {[%emt 0:00:14]} 40. Qf6 {[%emt 0:00:44]} Kg8 {[%emt 0:00:18]} 41. Qe5 {[%emt 0:00:30]} Qc6+ {[%emt 0:00:10]} 42. Kg1 {[%emt 0:00:19]} Kf8 {[%emt 0:00:09]} 43. Kf1 {[%emt 0:00:52]} Qc4+ {[%emt 0:00:05]} 44. Ke1 {[%emt 0:02:34]} Qd3 {[%emt 0:00:23]} 45. Qc5+ {[%emt 0:01:13]} Kg7 {[%emt 0:00:39]} 46. Qb4 {[%emt 0:01:23]} Kf6 {[%emt 0:01:21]} 47. Qf4+ {[%emt 0:00:30]} Ke6 {[%emt 0:00:18]} 48. Qd2 {[%emt 0:00:45]} Qxd2+ {[%emt 0:00:11]} 49. Kxd2 {[%emt 0:00:14]} Kd5 {[%emt 0:02:35]} 50. Kd3 {[%emt 0:00:05]} Kc5 {[%emt 0:00:12]} 51. Kd2 {[%emt 0:00:05]} Kc4 {[%emt 0:00:05]} 52. Kc2 {[%emt 0:01:17]} f6 {[%emt 0:00:15]} 53. f3 {[%emt 0:00:02]} g5 {[%emt 0:00:08]} 54. hxg5 {[%emt 0:00:54]} fxg5 {[%emt 0:00:07]} 55. Kd2 {[%emt 0:02:07]} h4 {[%emt 0:00:05]} 56. gxh4 {[%emt 0:00:02]} gxh4 {[%emt 0:00:38]} 57. Ke3 {[%emt 0:00:22]} h3 {[%emt 0:00:06]} 58. Kf2 {[%emt 0:00:07]} h2 {[%emt 0:00:18]} 59. Kg2 {[%emt 0:00:07]} Kb3 {[%emt 0:00:15]} 60. f4 {[%emt 0:00:03]} Kxb2 {[%emt 0:00:04]} 0-1

[Event "Eurasia Open Cup 2019"]
[Site "Ekaterinburg"]
[Date "2019.08.02"]
[Round "3.4"]
[White "Shaposhnikov, Evgeny"]
[Black "Nesterov, Arseniy"]
[Result "1/2-1/2"]
[WhiteElo "2575"]
[BlackElo "2451"]
[Annotator "ChessBase"]
[PlyCount "133"]
[EventDate "2019.07.31"]
[EventType "swiss"]
[EventCountry "RUS"]
[SourceTitle "playchess.com"]
[Source "ChessBase"]
[SourceQuality "1"]
[TimeControl "5400+30"]

1. c4 {[%emt 0:00:00]} e5 {[%emt 0:00:00]} 2. g3 {[%emt 0:00:00]} Nf6 {[%emt 0:02:49]} 3. Bg2 {[%emt 0:00:04]} c6 {[%emt 0:01:32]} 4. Nf3 {[%emt 0:00:13]} e4 {[%emt 0:00:16]} 5. Nd4 {[%emt 0:00:00]} d5 {[%emt 0:00:21]} 6. cxd5 {[%emt 0:00:58]} cxd5 {[%emt 0:00:04]} 7. d3 {[%emt 0:03:27]} Bc5 {[%emt 0:05:58]} 8. Nb3 {[%emt 0:01:34]} Bb6 {[%emt 0:00:32]} 9. O-O {[%emt 0:03:00]} O-O {[%emt 0:00:51]} 10. Bg5 {[%emt 0:01:28]} h6 {[%emt 0:04:11]} 11. Bxf6 {[%emt 0:00:43]} Qxf6 {[%emt 0:00:04]} 12. Nc3 {[%emt 0:00:16]} Rd8 {[%emt 0:03:16]} 13. dxe4 {[%emt 0:06:54]} dxe4 {[%emt 0:00:11]} 14. Qc1 {[%emt 0:01:37]} e3 {[%emt 0:09:34]} 15. fxe3 {[%emt 0:00:17]} Qe5 {[%emt 0:00:00]} 16. Nd5 {[%emt 0:00:46]} Nc6 {[%emt 0:01:07]} 17. Nxb6 {[%emt 0:07:35]} axb6 {[%emt 0:00:39]} 18. Qc3 {[%emt 0:00:33]} Qxc3 {[%emt 0:01:06]} 19. bxc3 {[%emt 0:03:34]} Be6 {[%emt 0:00:18]} 20. Nd4 {[%emt 0:01:04]} Bxa2 {[%emt 0:01:28]} 21. Bxc6 {[%emt 0:03:09]} bxc6 {[%emt 0:00:34]} 22. Nxc6 {[%emt 0:00:17]} Re8 {[%emt 0:02:19]} 23. Kf2 {[%emt 0:01:40]} Bc4 {[%emt 0:01:41]} 24. Rfb1 {[%emt 0:07:43]} Rxa1 {[%emt 0:01:38]} 25. Rxa1 {[%emt 0:00:02]} Bd5 {[%emt 0:00:56]} 26. Nd4 {[%emt 0:03:21]} Rc8 {[%emt 0:02:01]} 27. Ra3 {[%emt 0:00:33]} g6 {[%emt 0:00:26]} 28. Ke1 {[%emt 0:00:27]} Rc5 {[%emt 0:01:11]} 29. Kd2 {[%emt 0:01:06]} Bc4 {[%emt 0:00:40]} 30. Ra8+ {[%emt 0:02:39]} Kg7 {[%emt 0:00:36]} 31. Rb8 {[%emt 0:02:19]} b5 {[%emt 0:00:00]} 32. Rb6 {[%emt 0:06:20]} Rh5 {[%emt 0:02:15]} 33. h4 {[%emt 0:06:44]} Re5 {[%emt 0:00:49]} 34. Nc2 {[%emt 0:05:36]} Rd5+ {[%emt 0:05:08]} 35. Ke1 {[%emt 0:03:06]} Re5 {[%emt 0:00:04]} 36. Rd6 {[%emt 0:09:26]} Bb3 {[%emt 0:03:04]} 37. Nd4 {[%emt 0:00:33]} Bc4 {[%emt 0:03:54]} 38. Kf2 {[%emt 0:00:47]} Kf8 {[%emt 0:00:11]} 39. Rd8+ {[%emt 0:00:03]} Kg7 {[%emt 0:01:52]} 40. Rd6 {[%emt 0:00:41]} Kf8 {[%emt 0:00:21]} 41. Rb6 {[%emt 0:02:21]} Kg7 {[%emt 0:00:05]} 42. Nf3 {[%emt 0:00:30]} Rc5 {[%emt 0:00:32]} 43. Ke1 {[%emt 0:01:51]} Rc7 {[%emt 0:00:15]} 44. e4 {[%emt 0:00:41]} Ra7 {[%emt 0:04:26]} 45. Rc6 {[%emt 0:00:30]} Ra3 {[%emt 0:00:13]} 46. Nd4 {[%emt 0:01:39]} Rxc3 {[%emt 0:00:38]} 47. Nxb5 {[%emt 0:03:24]} Rb3 {[%emt 0:01:46]} 48. Nd4 {[%emt 0:00:02]} Rb4 {[%emt 0:01:59]} 49. Kf2 {[%emt 0:00:11]} Ba2 {[%emt 0:00:41]} 50. Rd6 {[%emt 0:00:05]} Rb7 {[%emt 0:00:33]} 51. Ra6 {[%emt 0:00:54]} Bc4 {[%emt 0:00:53]} 52. Rd6 {[%emt 0:00:53]} Re7 {[%emt 0:02:56]} 53. Kf3 {[%emt 0:00:14]} h5 {[%emt 0:00:45]} 54. Rc6 {[%emt 0:01:29]} Ba2 {[%emt 0:01:33]} 55. Kf4 {[%emt 0:00:16]} Ra7 {[%emt 0:01:16]} 56. e3 {[%emt 0:00:00]} Ra4 {[%emt 0:00:00]} 57. Rc7 {[%emt 0:00:51]} Kh6 {[%emt 0:06:05]} 58. Nb5 {[%emt 0:01:50]} Be6 {[%emt 0:05:03]} 59. Nd6 {[%emt 0:01:27]} Ra1 {[%emt 0:03:32]} 60. Ke5 {[%emt 0:00:56]} Rf1 {[%emt 0:02:44]} 61. Ra7 {[%emt 0:00:39]} Rf3 {[%emt 0:00:18]} 62. Ra8 {[%emt 0:03:06]} Rxg3 {[%emt 0:00:20]} 63. Ne8 {[%emt 0:01:32]} Rh3 {[%emt 0:00:46]} 64. Nc7 {[%emt 0:01:19]} Rxh4 {[%emt 0:01:33]} 65. Nxe6 {[%emt 0:00:22]} fxe6 {[%emt 0:02:54]} 66. Kf6 {[%emt 0:00:39]} Kh7 {[%emt 0:01:53]} 67. e5 {[%emt 0:01:05]} 1/2-1/2

[Event "Eurasia Open Cup 2019"]
[Site "Ekaterinburg"]
[Date "2019.08.02"]
[Round "3.5"]
[White "Popov, Mikhail"]
[Black "Bocharov, Ivan"]
[Result "0-1"]
[WhiteElo "2397"]
[BlackElo "2559"]
[Annotator "TA"]
[PlyCount "85"]
[EventDate "2019.07.31"]
[EventType "swiss"]
[EventCountry "RUS"]
[SourceTitle "playchess.com"]
[Source "ChessBase"]
[SourceQuality "1"]

{[%evp 9,85,0,18,0,0,3,8,-8,0,-3,0,8,-4,0,-6,-21,-22,-13,-5,-49,-45,-64,-54,-119,-97,-165,-181,-186,-187,-163,-195,-160,-157,-165,-156,-160,-160,-139,-152,-177,-179,-184,-165,-193,-197,-219,-210,-160,-149,-434,-434,-434,-429,-403,-392,-621,-584,-1208,-1199,-1149,-999,-1119,-1119,-2045,-1910,-4786,-3024,-29967,-29967,-10528,-7464,-5948,-5073,-29969,-29971,-12837,-12838,-29988]} 1. e4 c5 2. Nc3 d6 3. d4 cxd4 4. Qxd4 Nc6 5. Qd2 Nf6 6. b3 {B23: Closed Sicilian: Lines without g3} e6 7. Bb2 Be7 (7... d5 8. exd5 exd5 9. O-O-O Be6 10. a3 Bc5 11. Nf3 {½-½ (49) Caruana,F (2819)-Vachier Lagrave,M (2773) Karlsruhe/Baden Baden 2019}) 8. O-O-O {The position is equal.} a6 9. Kb1 $146 ({Predecessor:} 9. f3 O-O 10. Kb1 {0-1 (37) Tadic,S (2163)-Popovic,M (2316) Belgrade 2019}) 9... b5 {[%cal Bb7b5,Bb5b4][%mdl 32]} 10. f3 O-O 11. g4 Nd7 12. h4 Nc5 13. g5 b4 14. Nce2 a5 {[%cal Ba6a5,Ba5a4][%mdl 32]} 15. Nh3 e5 16. Rg1 ({White should play} 16. Nc1 $15) 16... a4 17. g6 (17. Nf2 $17 {is a better defense.}) 17... fxg6 $19 18. Qd5+ Be6 19. Qxc6 {[#] Threatens to win with Ng5.} Qa5 {[%cal Ra4b3]} (19... Rxf3 $2 20. Ng5 $18) 20. Nc1 axb3 ({Inferior is} 20... Rxf3 21. Rxd6 Bxd6 22. Qxd6 $11) 21. axb3 Rac8 $36 {[%mdl 2048] Black is on the roll.} ({Much less strong is} 21... Rxf3 22. Rd5 $15) 22. Qb5 Qxb5 {[%mdl 64] [#] Overworked Piece} 23. Bxb5 {And now Ng5 would win.} Bxh3 24. Nd3 Nxd3 ({But not} 24... Bxh4 25. Nxc5 Rxc5 26. Bc4+ Rxc4 27. bxc4 $15) 25. Rxd3 Be6 26. Rgd1 Rf4 27. Rxd6 Bxd6 28. Rxd6 Rc5 {Strongly threatening ...Bxb3.} 29. Rxe6 $2 {[%mdl 8192]} (29. Bd3 $17 {was worth a try.} Kf7 30. Rb6) 29... Rxb5 30. Bxe5 Kf7 31. Bxf4 Kxe6 {[%mdl 4096] Endgame KR-KB} 32. Kc1 (32. e5 $142) 32... Rh5 33. Bg3 g5 34. hxg5 Rxg5 35. Be1 h5 36. Kd2 Rg2+ 37. Ke3 Rxc2 38. f4 Rb2 39. f5+ Kf7 40. e5 Rxb3+ 41. Ke4 Rb1 42. e6+ Ke8 43. Kd4 {Accuracy: White = 29%, Black = 92%.} 0-1

[Event "Eurasia Open Cup 2019"]
[Site "Ekaterinburg"]
[Date "2019.08.02"]
[Round "3.6"]
[White "Zhigalko, Andrey"]
[Black "Khusenkhojaev, Muhammad"]
[Result "1-0"]
[WhiteElo "2549"]
[BlackElo "2441"]
[Annotator "ChessBase"]
[PlyCount "49"]
[EventDate "2019.07.31"]
[EventType "swiss"]
[EventCountry "RUS"]
[SourceTitle "playchess.com"]
[Source "ChessBase"]
[SourceQuality "1"]
[TimeControl "5400+30"]

1. e4 {[%emt 0:00:00]} e5 {[%emt 0:00:00]} 2. Nf3 {[%emt 0:00:00]} Nf6 {[%emt 0:00:00]} 3. d4 {[%emt 0:00:00]} Nxe4 {[%emt 0:00:00]} 4. dxe5 {[%emt 0:00:00]} d5 {[%emt 0:00:24]} 5. Nbd2 {[%emt 0:00:10]} Nxd2 {[%emt 0:00:43]} 6. Qxd2 {[%emt 0:02:24]} Be7 {[%emt 0:02:27]} 7. Bd3 {[%emt 0:15:26]} Nc6 {[%emt 0:06:43]} 8. O-O {[%emt 0:22:36]} Bg4 {[%emt 0:01:07]} 9. Qf4 {[%emt 0:02:52]} Bxf3 {[%emt 0:05:08]} 10. gxf3 {[%emt 0:00:05]} O-O {[%emt 0:03:49]} 11. Kh1 {[%emt 0:03:53]} f6 {[%emt 0:05:17]} 12. Rg1 {[%emt 0:10:26]} Nxe5 {[%emt 0:14:54]} 13. Qh6 {[%emt 0:00:12]} g6 {[%emt 0:18:26]} 14. Bxg6 {[%emt 0:10:47]} hxg6 {[%emt 0:00:21]} 15. f4 {[%emt 0:01:13]} Kf7 {[%emt 0:00:23]} 16. fxe5 {[%emt 0:00:43]} Rg8 {[%emt 0:00:08]} 17. Qh7+ {[%emt 0:07:41]} Ke6 {[%emt 0:00:09]} 18. exf6 {[%emt 0:00:18]} Bxf6 {[%emt 0:02:16]} 19. Re1+ {[%emt 0:00:42]} Kd6 {[%emt 0:00:57]} 20. Bf4+ {[%emt 0:04:48]} Kc5 {[%emt 0:00:36]} 21. b4+ {[%emt 0:02:43]} Kc4 {[%emt 0:07:20]} 22. Qh3 {[%emt 0:00:48]} Kb5 {[%emt 0:03:51]} 23. a4+ {[%emt 0:02:05]} Kb6 {[%emt 0:00:35]} 24. Re6+ {[%emt 0:02:18]} c6 {[%emt 0:00:00]} 25. a5+ {[%emt 0:00:28]} 1-0